Statistics for Kygo Charting Songs (Billboard Hot Dance)

Click here to take the quiz!

General Stats

  • This quiz has been taken 12 times
    (4 since last reset)
  • The average score is 31 of 52

Answer Stats

AlbumWeeks OnPeakArtist(s)Song% Correct
Stargazing EP and Rare (International Deluxe Edition)52 Weeks#2Kygo & Selena GomezIt Ain't Me
100%
Non-Album Single20 Weeks#7Kygo x Tina TurnerWhat's Love Got to Do with It
100%
Golden Hour48 Weeks#2Kygo x Whitney HoustonHigher Love
100%
Stargazing EP25 Weeks#11Kygo ft. Justin JessoStargazing
100%
Kids In Love8 Weeks#10Kygo ft. The Night GameKids In Love
100%
Golden Hour20 Weeks#9Kygo ft. Zak AbelFreedom
100%
Stargazing EP26 Weeks#9Kygo & Ellie GouldingFirst Time
100%
Cloud Nine29 Weeks#8Kygo ft. ConradFirestone
100%
Cloud Nine26 Weeks#11Kygo ft. Parson JamesStole the Show
100%
Golden Hour20 Weeks#5Kygo, Zara Larsson & TygaLike It Is
100%
Golden Hour37 Weeks#5Kygo & OneRepublicLose Somebody
100%
Non-Album Single20 Weeks#7Kygo & Rita OraCarry On
67%
Non-Album Single22 Weeks#12Kygo ft. Sandro CavazzaHappy Now
67%
Golden Hour3 Weeks#29Kygo & Sandro CavazzaBeautiful
67%
Non-Album Single1 Week#32KygoID (Ultra Music Festival 2015 Official Anthem)
67%
Cloud Nine1 Week#23Kygo ft. John LegendHappy Birthday
67%
Fifty Shades Darker5 Weeks#22Kygo ft. Andrew JacksonCruise
67%
Cloud Nine20 Weeks#16Kygo ft. Julia MichaelsCarry Me
67%
Origins20 Weeks#3Kygo & Imagine DragonsBorn To Be Yours
67%
Golden Hour20 Weeks#13Kygo & Kim PetrasBroken Glass
67%
World War Joy20 Weeks#6The Chainsmokers with KygoFamily
67%
Kids In Love20 Weeks#13Kygo ft. OneRepublicStranger Things
67%
Non-Album Single24 Weeks#12Kygo ft. Ella HendersonHere For You
67%
Non-Album Single20 Weeks#9Kygo & Chelsea CutlerNot OK
67%
Kids in Love30 Weeks#4Kygo ft. MiguelRemind Me To Forget
67%
Non-Album Single20 Weeks#10Kygo ft. Valerie BroussardThink About You
67%
Golden Hour21 Weeks#5Kygo & Sasha SloanI'll Wait
67%
Non-Album Single18 Weeks#9Kygo with Avicii & Sandro CavazzaForever Yours (Tribute)
67%
Non-Album Single20 Weeks#9Kygo & Donna SummerHot Stuff
67%
Kids In Love1 Week#47Kygo ft. WrabelWith You
33%
Kids In Love3 Weeks#33Kygo ft. Jason WalkerSunrise
33%
Golden Hour2 Weeks#33Kygo & Oh WonderHow Would I Know
33%
Golden Hour4 Weeks#36Kygo, Patrick Droney & PeteySay You Will
33%
Golden Hour2 Weeks#35Kygo & Sam TinneszDon't Give Up on Love
33%
Kids In Love1 Week#44Kygo ft. Billy RaffoulI See You
33%
Golden Hour2 Weeks#38Kygo & Joe JaniakFollow
33%
Golden Hour1 Week#39Kygo & Rhys LewisHurting
33%
Golden Hour2 Weeks#31Kygo & St. LundiTo Die For
33%
Cloud Nine1 Week#32Kygo ft. Matt CorbySerious
33%
This Mixtape Is Fire35 Weeks#14Dillon Francis & Kygo ft. James HerseyComing Over
33%
Cloud Nine1 Week#31Kygo ft. RHODESNot Alone
33%
Golden Hour3 Weeks#30Kygo & DreamlabCould You Love Me
33%
Cloud Nine1 Week#27Kygo ft. Tom OdellFiction
33%
Kids In Love3 Weeks#27Kygo & Oliver Nelson ft. Bonnie McKeeRiding Shotgun
33%
Golden Hour4 Weeks#27Kygo & Jamie N CommonsFeels Like Forever
33%
Golden Hour13 Weeks#25Kygo & Zac BrownSomeday
33%
Cloud Nine2 Weeks#19Kygo ft. FoxesOasis
33%
Kids In Love8 Weeks#19Kygo ft. John NewmanNever Let You Go
33%
Cloud Nine20 Weeks#16Kygo ft. KodalineRaging
33%
Golden Hour7 Weeks#11Kygo & Valerie BroussardThe Truth
33%
Cloud Nine26 Weeks#8Kygo ft. Maty NoyesStay
33%
Kids In Love1 Week#49Kygo ft. JHartPermanent
33%

Score Distribution

Percentile by Number Answered

Percent of People with Each Score

Your Score History

You have not taken this quiz since the last reset